The regulatory elements of HPV-16 /
Saved in:
| 主要作者: | |
|---|---|
| 格式: | Thesis 圖書 |
| 語言: | English |
| 出版: |
1990.
|
| 主題: | |
| 標簽: |
添加標簽
沒有標簽, 成為第一個標記此記錄!
|
| LEADER | 00685cam a2200217 a 4500 | ||
|---|---|---|---|
| 001 | u93625 | ||
| 003 | SIRSI | ||
| 008 | 910607s1990 si v 00 1 eng m | ||
| 035 | |a AAK-2259 | ||
| 040 | |a UMM | ||
| 090 | |a QR201 |b P26Cha | ||
| 100 | 1 | 0 | |a Chan, Woon Khiong. |
| 245 | 1 | 4 | |a The regulatory elements of HPV-16 / |c by Chan Woon Khiong. |
| 260 | 1 | |c 1990. | |
| 300 | |a xi, 192 leaves : |b ill. ; |c 29 cm. | ||
| 502 | |a Thesis (Ph.D.) -- National University of Singapore, 1990. | ||
| 504 | |a Bibliography: leaves 163-192. | ||
| 650 | 0 | |a Papillomaviruses. | |
| 948 | |a 13/08/1991 |b 27/11/2000 | ||
| 596 | |a 1 | ||
| 999 | |a QR210 P26CHA |w LC |c 1 |i A010896178 |d 13/8/1999 |l STACKS |m P01UTAMA |n 4 |r Y |s Y |t TESIS |u 8/6/1992 | ||
